LEADER 00890nam a2200205 i 4500 001 000000255266 003 CaOOAMICUS 005 20170802000000.0 008 170802s1846 it u000 u ita u 013 $a234171 040 $aSeMil$bita 100 1 $aBeudant, François-Sulpice <1787-1850>.$0(OLS)http://semarc/name/89386 245 10$aGeologia /$cdel signor F. S. Beudant ; edizione italiana per cura del dottore Giustino Arpesani. 300 $a589 p. :$bill. 650 4$aGeologia.$0(OLS)http://semarc/subject/5966 700 1 $aArpesani, Giustino.$0(OLS)http://semarc/name/94503 773 0 $aBeudant, François-Sulpice <1787-1850>$tCorso elementare di storia naturale.$dMilano : Francesco Vallardi, 1946-1847.$w()5714 850 $aSeMil 852 $aSeMil$W1$xVenegono$y1$m3W II 13 FA$j205612$B205612$CSeMilBibl$Z2$F218932 $8I 996 $6245$aGeologia$9(OLS)http://semarc/title/332779 LEADER 01254nam a2200277 i 4500 001 000000111346 003 CaOOAMICUS 005 20030116000000.0 008 030116s2002 it u000 u ita u 013 $a84028 020 $a88-308-0743-5 040 $aSeMil$bita 100 1 $aChiodi, Maurizio,$d<1955- >.$0(OLS)http://semarc/name/13666 245 10$aTra cielo e terra :$bla vita umana e il suo senso, linee di interpretazione filosofica e teologica /$cMaurizio Chiodi. 260 $aAssisi :$bCittadella,$c2002. 300 $a319 p. ;$c21 cm. 490 0 $aQuestioni di etica teologica 650 4$aBioetica - Studi.$0(OLS)http://semarc/subject/5741 650 4$aVita - Etica.$0(OLS)http://semarc/subject/14349 830 0$aQuestioni di etica teologica .$0(OLS)http://semarc/title/2725 850 $aSeMil 852 $aSeMil$W1$xVenegono$y1$m2MA B 3$j245005$B67181$CSeMilBibl$Z2$F73705 $81 961 $aOmaggio: Fumagalli don Aristide 996 $6020$a88-308-0743-5$9(OLS)http://semarc/number/93473 996 $6245$aTra cielo e terra :$bla vita umana e il suo senso, linee di interpretazione filosofica e teologica$9(OLS)http://semarc/title/162035 996 $6260$aAssisi :$bCittadella$9(OLS)http://semarc/publisher/29661